000 00648nam a22002057a 4500
003 DO-SdBNP
005 20171128134537.0
008 171128b 2003 sp a||||| |||| 00| 0 spa d
040 _aBPMSU
_bspa
_cBPMSU
092 _axxxx
_bxxxx
245 1 0 _a¡Qué divertida es la historia!
_bintroducción ; Alfredo López Belman
260 _a[Madrid] :
_bMuy Interesante,
_c2003.
300 _a64 p. :
_bil. ;
_c20 cm.
490 1 _aLos Libros de Muy Interesante
700 1 _a López Belman, Alfredo,
_eintrod.
830 0 _aLos Libros de Muy Interesante
942 _2ddc
_cBK
945 _aInventariado 2017
956 _aLOPEREZ
_b10
_c2017
_h0041
999 _c13172
_d13172